000 00288nam a22001337a 4500
008 180813b xxu||||| |||| 00| 0 eng d
020 _a9780323014380
041 _aeng
080 _24th
_a616
100 _a9
101 _aPAT
245 _aPATHOPHYSIOLOGY
_cCance,K.L
942 _2udc
_cBK
999 _c47019
_d47019